[Event "Titled Tuesday intern op 16th Jan Early"]
[Site "Chess.com INT"]
[Date "2024.01.16"]
[Round "11"]
[White "Dzhaparov, Medet"]
[Black "Arshiya, Das"]
[Result "0-1"]
[WhiteElo "1535"]
[BlackElo "1667"]
[PlyCount "32"]
[EventDate "2024.01.16"]
[EventType "swiss (blitz)"]
[EventRounds "11"]
[EventCountry "USA"]
[SourceTitle "CB04_2024"]
[SourceDate "2023.10.16"]
[SourceVersion "1"]
[SourceVersionDate "2023.10.16"]
[SourceQuality "1"]

1. e4 c5 2. Nf3 d6 3. d4 cxd4 4. Nxd4 Nf6 5. Nc3 a6 6. Bg5 Nbd7 7. f4 Qc7 8. Qf3 h6 9. Bh4 g5 10. fxg5 hxg5 11. Bxg5 Qc5 12. Be3 Ne5 13. Qg3 Neg4 14. 0-0-0 Nxe3 15. Qxe3 Bg4 16. Be2 Bh6 0-1

[Event "Titled Tuesday intern op 16th Jan Early"]
[Site "Chess.com INT"]
[Date "2024.01.16"]
[Round "7"]
[White "Dzhaparov, Medet"]
[Black "Begunov, Konstantin"]
[Result "1-0"]
[WhiteElo "1535"]
[BlackElo "2325"]
[PlyCount "87"]
[EventDate "2024.01.16"]
[EventType "swiss (blitz)"]
[EventRounds "11"]
[EventCountry "USA"]
[SourceTitle "CB04_2024"]
[SourceDate "2023.10.16"]
[SourceVersion "1"]
[SourceVersionDate "2023.10.16"]
[SourceQuality "1"]

1. e4 c5 2. Nf3 d6 3. d4 cxd4 4. Nxd4 Nf6 5. Nc3 a6 6. Bg5 e6 7. Qf3 Be7 8. 0-0-0 Qc7 9. g4 b5 10. h4 Bb7 11. Bxf6 gxf6 12. Qe3 Nd7 13. f4 b4 14. Nce2 Nc5 15. Bg2 h5 16. g5 f5 17. Ng3 0-0-0 18. Rhg1 fxe4 19. Nxe4 Kb8 20. Nxc5 dxc5 21. Ne2 Rxd1+ 22. Kxd1 Bxg2 23. Rxg2 Qc6 24. Rg1 Qd5+ 25. Kc1 Qxa2 26. Qe5+ Kb7 27. Qxh8 c4 28. Qe5 c3 29. bxc3 b3 30. Qe4+ Kb6 31. Kd2 b2 32. Qd4+ Bc5 33. Qd8+ Kb7 34. Qd7+ Kb6 35. Qd8+ Kb7 36. Rd1 b1Q 37. Rxb1+ Qxb1 38. Qd7+ Kb6 39. Qxf7 Qh1 40. Qxe6+ Kb5 41. Qd7+ Kb6 42. Qe6+ Kb5 43. g6 Qg2 44. g7 1-0

[Event "Titled Tuesday intern op 16th Jan Early"]
[Site "Chess.com INT"]
[Date "2024.01.16"]
[Round "8"]
[White "Dzhaparov, Medet"]
[Black "Mazurkiewicz, Michal"]
[Result "0-1"]
[WhiteElo "1535"]
[BlackElo "2145"]
[PlyCount "138"]
[EventDate "2024.01.16"]
[EventType "swiss (blitz)"]
[EventRounds "11"]
[EventCountry "USA"]
[SourceTitle "CB04_2024"]
[SourceDate "2023.10.16"]
[SourceVersion "1"]
[SourceVersionDate "2023.10.16"]
[SourceQuality "1"]

1. e4 d6 2. d4 Nf6 3. Nc3 c6 4. Nf3 Bg4 5. Be2 e6 6. 0-0 d5 7. e5 Nfd7 8. h3 Bh5 9. Nh2 Bg6 10. Bd3 c5 11. Be3 cxd4 12. Bxd4 Nc6 13. Bxg6 hxg6 14. Nf3 Nxd4 15. Qxd4 a6 16. b4 Rc8 17. a3 Rc4 18. Qd2 Qc7 19. Ne2 Nxe5 20. Nxe5 Qxe5 21. c3 Bd6 22. f4 Qe4 23. Nd4 Rh4 24. Rae1 Bxf4 25. Rxe4 Bxd2 26. Rxh4 Rxc3 27. a4 Ke7 28. b5 g5 29. Rg4 f5 30. Nxf5+ exf5 31. Rxf5 Rc1+ 32. Kf2 Ke6 33. Rf3 Rc2 34. Kf1 axb5 35. axb5 d4 36. Rxd4 Bf4 37. Re4+ Kd5 38. Re1 Rb2 39. Rd3+ Kc4 40. Rd7 Rxb5 41. Rxg7 Rb2 42. Re4+ Kd3 43. Re1 Bg3 44. Rd7+ Kc4 45. Red1 b5 46. R7d4+ Kc5 47. Rd5+ Kb6 48. R5d2 Rb4 49. Rd4 Rb2 50. R4d3 Bf4 51. g3 Be5 52. R3d2 Rb3 53. g4 Rxh3 54. Rd5 Bf4 55. Ke2 Rh2+ 56. Kf3 Rh3+ 57. Ke4 Re3+ 58. Kf5 b4 59. Rb1 Kc6 60. Ra5 b3 61. Ra6+ Kb5 62. Ra3 Kc4 63. Ra4+ Kc3 64. Re4 Rxe4 65. Kxe4 b2 66. Rg1 Kc2 67. Rg2+ Kb3 68. Rg1 Ka2 69. Rg2 Ka1 0-1

[Event "Titled Tuesday intern op 05th Sep Early"]
[Site "Chess.com INT"]
[Date "2023.09.05"]
[Round "5"]
[White "Mushini, Ajay"]
[Black "Dzhaparov, Medet"]
[Result "1-0"]
[WhiteElo "2301"]
[BlackElo "1626"]
[PlyCount "57"]
[EventDate "2023.09.05"]
[EventType "swiss (blitz)"]
[EventRounds "11"]
[EventCountry "USA"]
[SourceTitle "EXT 2024"]
[Source "ChessBase"]
[SourceDate "2023.10.10"]
[SourceVersion "1"]
[SourceVersionDate "2023.10.10"]
[SourceQuality "1"]

1. e4 c5 2. Nc3 d6 3. d4 cxd4 4. Qxd4 Nc6 5. Qd2 Nf6 6. b3 e5 7. Bb2 Be7 8. 0-0-0 Nd7 9. Nf3 0-0 10. Nd5 Nf6 11. Nxf6+ Bxf6 12. Qxd6 Bg4 13. Qxd8 Raxd8 14. Be2 Rfe8 15. h3 Bh5 16. g4 Bg6 17. Bd3 h6 18. Bc3 Rd7 19. Kb2 Red8 20. Rdg1 a6 21. h4 Re8 22. g5 hxg5 23. hxg5 Bd8 24. Nh4 Rd6 25. Nf5 Rde6 26. Rh2 Ne7 27. Rgh1 Kf8 28. Bb4 Rb6 29. Rh8# 1-0

[Event "Titled Tuesday intern op 05th Sep Early"]
[Site "Chess.com INT"]
[Date "2023.09.05"]
[Round "6"]
[White "Toman, Ondrej"]
[Black "Dzhaparov, Medet"]
[Result "1-0"]
[WhiteElo "2283"]
[BlackElo "1626"]
[PlyCount "45"]
[EventDate "2023.09.05"]
[EventType "swiss (blitz)"]
[EventRounds "11"]
[EventCountry "USA"]
[SourceTitle "EXT 2024"]
[Source "ChessBase"]
[SourceDate "2023.10.10"]
[SourceVersion "1"]
[SourceVersionDate "2023.10.10"]
[SourceQuality "1"]

1. d4 Nf6 2. c4 g6 3. Nc3 d5 4. cxd5 Nxd5 5. e4 Nxc3 6. bxc3 Bg7 7. h3 c5 8. Nf3 Nc6 9. Be3 0-0 10. Be2 Qa5 11. 0-0 Qxc3 12. Rc1 Qa3 13. d5 Nd4 14. Nxd4 cxd4 15. Bxd4 Qxa2 16. Bxg7 Kxg7 17. Rc7 Qa3 18. Qd4+ Kg8 19. e5 Re8 20. Ra1 Qb3 21. Bc4 Qb4 22. d6 exd6 23. Bxf7+ 1-0

[Event "Titled Tuesday intern op 20th Jun Early"]
[Site "Chess.com INT"]
[Date "2023.06.20"]
[Round "6"]
[White "Cardenas Carbajal, Nilson"]
[Black "Dzhaparov, Medet"]
[Result "1-0"]
[WhiteElo "2126"]
[BlackElo "1602"]
[PlyCount "89"]
[EventDate "2023.06.20"]
[EventType "swiss (blitz)"]
[EventRounds "11"]
[EventCountry "USA"]
[SourceTitle "EXT 2024"]
[Source "ChessBase"]
[SourceDate "2023.10.10"]
[SourceVersion "1"]
[SourceVersionDate "2023.10.10"]
[SourceQuality "1"]

1. e4 c5 2. d4 cxd4 3. c3 dxc3 4. Nxc3 Nc6 5. Nf3 d6 6. Bc4 Nf6 7. e5 dxe5 8. Qxd8+ Kxd8 9. Ng5 Na5 10. Bxf7 e6 11. Bxe6 Bxe6 12. Nxe6+ Kd7 13. Ng5 Bb4 14. Bd2 Bxc3 15. Bxc3 Nc6 16. 0-0-0+ Kc7 17. Rhe1 Rhe8 18. Nf7 Nd7 19. f3 Kb6 20. Rxd7 g6 21. Nd6 Re6 22. Nc4+ Kb5 23. Nxe5 Nxe5 24. Rxe5+ Rxe5 25. Bxe5 Rc8+ 26. Kd2 b6 27. Rxh7 Rd8+ 28. Ke2 Re8 29. f4 g5 30. g3 gxf4 31. gxf4 Re6 32. h4 Rc6 33. Kd2 Rc5 34. Rxa7 Rd5+ 35. Ke2 Rc5 36. h5 Rc2+ 37. Ke3 Rh2 38. Rh7 Rh3+ 39. Ke4 Rh2 40. h6 Re2+ 41. Kf5 Rh2 42. Rh8 Rh5+ 43. Kg6 Rh2 44. h7 Rg2+ 45. Kf7 1-0

[Event "Titled Tuesday intern op 25th Apr Early"]
[Site "Chess.com INT"]
[Date "2023.04.25"]
[Round "8"]
[White "Dzhaparov, Medet"]
[Black "Belenkaya, Dina"]
[Result "0-1"]
[WhiteElo "1578"]
[BlackElo "2267"]
[PlyCount "74"]
[EventDate "2023.04.25"]
[EventType "swiss (blitz)"]
[EventRounds "11"]
[EventCountry "USA"]
[SourceTitle "EXT 2024"]
[Source "ChessBase"]
[SourceDate "2023.10.10"]
[SourceVersion "1"]
[SourceVersionDate "2023.10.10"]
[SourceQuality "1"]

1. e4 d5 2. exd5 Qxd5 3. Nc3 Qe5+ 4. Nge2 c6 5. d4 Qc7 6. Ng3 Nf6 7. Bc4 e6 8. 0-0 b5 9. Bb3 Bb7 10. Nce4 Nbd7 11. Nxf6+ Nxf6 12. Bg5 Bd6 13. Qd3 a6 14. c3 c5 15. Bc2 c4 16. Qd2 h6 17. Bxf6 gxf6 18. f4 h5 19. Be4 h4 20. Bxb7 Qxb7 21. Ne2 h3 22. Ng3 0-0-0 23. gxh3 Rxh3 24. Qg2 Qxg2+ 25. Kxg2 Rdh8 26. Rh1 Bxf4 27. Raf1 Bxg3 28. hxg3 Rxh1 29. Rxh1 Rxh1 30. Kxh1 Kd7 31. Kg2 Kd6 32. Kf3 Kd5 33. Kf4 a5 34. g4 b4 35. g5 fxg5+ 36. Kxg5 e5 37. dxe5 Kxe5 0-1

[Event "Titled Tuesday intern op 25th Apr Early"]
[Site "Chess.com INT"]
[Date "2023.04.25"]
[Round "9"]
[White "Dzhaparov, Medet"]
[Black "Necula, Iulian"]
[Result "0-1"]
[WhiteElo "1578"]
[BlackElo "1851"]
[PlyCount "84"]
[EventDate "2023.04.25"]
[EventType "swiss (blitz)"]
[EventRounds "11"]
[EventCountry "USA"]
[SourceTitle "EXT 2024"]
[Source "ChessBase"]
[SourceDate "2023.10.10"]
[SourceVersion "1"]
[SourceVersionDate "2023.10.10"]
[SourceQuality "1"]

1. e4 d6 2. d4 Nf6 3. Nc3 e5 4. dxe5 dxe5 5. Qxd8+ Kxd8 6. Nf3 Bd6 7. Bc4 Be6 8. Bxe6 fxe6 9. Ng5 Ke7 10. 0-0 h6 11. Nf3 Nc6 12. Be3 a6 13. a3 g5 14. h3 Rhg8 15. g4 Raf8 16. Nh2 b5 17. f3 Nd4 18. Bxd4 exd4 19. Ne2 c5 20. c3 d3 21. Nc1 c4 22. b3 Bc5+ 23. Kg2 h5 24. bxc4 bxc4 25. Rb1 Rb8 26. Na2 Rb3 27. Rxb3 cxb3 28. Nc1 Bxa3 29. Nxb3 Rc8 30. Ra1 Rxc3 31. Rxa3 d2 32. Ra1 Rxb3 33. Rd1 Rb2 34. Kf2 hxg4 35. Nxg4 Nxg4+ 36. hxg4 Kd6 37. Ke2 Kc5 38. Rxd2 Rxd2+ 39. Kxd2 Kd4 40. f4 gxf4 41. g5 Ke5 42. Kc3 a5 0-1

[Event "Titled Tuesday intern op 25th Apr Early"]
[Site "Chess.com INT"]
[Date "2023.04.25"]
[Round "3"]
[White "Toktomushev, Teimur"]
[Black "Dzhaparov, Medet"]
[Result "1-0"]
[WhiteElo "2252"]
[BlackElo "1578"]
[PlyCount "119"]
[EventDate "2023.04.25"]
[EventType "swiss (blitz)"]
[EventRounds "11"]
[EventCountry "USA"]
[SourceTitle "EXT 2024"]
[Source "ChessBase"]
[SourceDate "2023.10.10"]
[SourceVersion "1"]
[SourceVersionDate "2023.10.10"]
[SourceQuality "1"]

1. d4 Nf6 2. c4 g6 3. Nc3 d5 4. cxd5 Nxd5 5. e4 Nxc3 6. bxc3 Bg7 7. Be3 c5 8. Qd2 Nc6 9. Nf3 0-0 10. d5 Ne5 11. Nxe5 Bxe5 12. Rc1 b6 13. Be2 a5 14. 0-0 Qc7 15. f4 Bg7 16. Rfd1 Ba6 17. Bxa6 Rxa6 18. c4 Rd8 19. e5 Qb7 20. Rb1 Qc7 21. Qf2 a4 22. a3 Ra5 23. Rd2 Rb8 24. Qe2 Qd7 25. d6 exd6 26. Rxd6 Qc7 27. Rbd1 b5 28. Rd7 Qc6 29. Rd8+ Rxd8 30. Rxd8+ Bf8 31. f5 gxf5 32. Qh5 Qg6 33. Qh6 Qg7 34. Qd6 Ra6 35. Qxa6 Qxe5 36. Qh6 Qa1+ 37. Kf2 Qb2+ 38. Kf3 Qg7 39. Qxg7+ Kxg7 40. Rxf8 Kxf8 41. Bxc5+ Ke8 42. cxb5 Kd7 43. Kf4 Kc7 44. Kxf5 Kd7 45. Kf6 Ke8 46. b6 Kd7 47. Kxf7 Kc6 48. Bf2 h5 49. h4 Kb7 50. Kg6 Ka6 51. Kxh5 Kb7 52. Kg6 Ka6 53. h5 Kb7 54. h6 Ka6 55. h7 Kb5 56. b7 Kc4 57. b8Q Kc3 58. h8Q+ Kc2 59. Qbb2+ Kd1 60. Qhd4# 1-0

[Event "Titled Tuesday intern op 07th Feb Early"]
[Site "Chess.com INT"]
[Date "2023.02.07"]
[Round "9"]
[White "Bolanos, Fernando"]
[Black "Dzhaparov, Medet"]
[Result "0-1"]
[WhiteElo "2278"]
[BlackElo "1609"]
[PlyCount "50"]
[EventDate "2023.02.07"]
[EventType "swiss (blitz)"]
[EventRounds "11"]
[EventCountry "USA"]
[SourceTitle "EXT 2024"]
[Source "ChessBase"]
[SourceDate "2023.10.10"]
[SourceVersion "1"]
[SourceVersionDate "2023.10.10"]
[SourceQuality "1"]

1. e4 e5 2. Nf3 Nc6 3. Bc4 Nf6 4. d3 Bc5 5. Nbd2 0-0 6. 0-0 h6 7. c3 d6 8. b4 Bb6 9. a4 a5 10. b5 Ne7 11. h3 c6 12. Re1 Ng6 13. Nf1 Re8 14. Be3 Bxe3 15. Nxe3 d5 16. exd5 cxd5 17. Ba2 d4 18. cxd4 exd4 19. Nc4 Be6 20. Nfe5 Nxe5 21. Nxe5 Bxa2 22. Rxa2 Nd5 23. Rc2 Nc3 24. Qa1 Qf6 25. Nf3 Qd6 0-1

[Event "Titled Tuesday intern op 07th Feb Early"]
[Site "Chess.com INT"]
[Date "2023.02.07"]
[Round "7"]
[White "Ronka, Erik"]
[Black "Dzhaparov, Medet"]
[Result "1-0"]
[WhiteElo "2277"]
[BlackElo "1609"]
[PlyCount "113"]
[EventDate "2023.02.07"]
[EventType "swiss (blitz)"]
[EventRounds "11"]
[EventCountry "USA"]
[SourceTitle "EXT 2024"]
[Source "ChessBase"]
[SourceDate "2023.10.10"]
[SourceVersion "1"]
[SourceVersionDate "2023.10.10"]
[SourceQuality "1"]

1. d4 Nf6 2. c4 g6 3. Nc3 d5 4. Bf4 Bg7 5. e3 0-0 6. Rc1 Nc6 7. Nf3 Bg4 8. h3 Bxf3 9. Qxf3 e6 10. Be2 Re8 11. 0-0 Rc8 12. Rfd1 a6 13. Bh2 Qd7 14. Bf1 Ne7 15. b3 c6 16. Qe2 b5 17. g4 Qb7 18. c5 Nd7 19. f4 f6 20. b4 e5 21. Bg2 e4 22. Qf2 f5 23. Bg3 Kh8 24. Kf1 a5 25. a3 a4 26. Ke2 Nf6 27. Kd2 fxg4 28. hxg4 Nxg4 29. Qe2 Nf6 30. Rh1 Nf5 31. Bf2 Nh5 32. Qe1 Nf6 33. Bh3 Nh6 34. Kc2 Nhg4 35. Bg3 Rcd8 36. Qe2 Nh6 37. Rcg1 Nf5 38. Bf2 Nh6 39. Nd1 Rf8 40. Be1 Qe7 41. Nf2 Nh5 42. Ng4 Nf6 43. Bh4 Qf7 44. Ne5 Qe8 45. Bf1 Nf5 46. Bg5 Kg8 47. Qh2 h6 48. Bxf6 Rxf6 49. Bh3 Nxe3+ 50. Kc3 Nf5 51. Bxf5 Rxf5 52. Rxg6 Rxe5 53. Rxg7+ Kxg7 54. Qxh6+ Kf7 55. fxe5 Qg8 56. Qf6+ Ke8 57. Rh8 1-0

[Event "Titled Tuesday intern op 06th Dec Early"]
[Site "Chess.com INT"]
[Date "2022.12.06"]
[Round "10"]
[White "Dzhaparov, Medet"]
[Black "Martinkus, Rolandas"]
[Result "0-1"]
[WhiteElo "1608"]
[BlackElo "1985"]
[PlyCount "78"]
[EventDate "2022.12.06"]
[EventType "swiss (blitz)"]
[EventRounds "11"]
[EventCountry "USA"]
[SourceTitle "CBM 211 Extra"]
[Source "ChessBase"]
[SourceDate "2023.01.31"]
[SourceVersion "1"]
[SourceVersionDate "2023.01.31"]
[SourceQuality "1"]

1. e4 c5 2. Nf3 d6 3. d4 cxd4 4. Nxd4 Nf6 5. Nc3 a6 6. Bg5 e5 7. Nb3 Be6 8. Bd3 Be7 9. 0-0 0-0 10. Qf3 Nc6 11. Qg3 Nh5 12. Qf3 Bxg5 13. Qxh5 g6 14. Qf3 f5 15. exf5 gxf5 16. Qe2 e4 17. Nxe4 fxe4 18. Qxe4 Bf5 19. Qd5+ Kh8 20. Bxf5 Qf6 21. Bd3 Bf4 22. Qh5 Qg7 23. Kh1 Rg8 24. Rg1 Be5 25. c3 Raf8 26. f3 Rf6 27. g3 Rh6 28. Qf5 Rxh2+ 29. Kxh2 Bxg3+ 30. Kg2 Qh6 31. Rh1 Bh2+ 32. Kf1 Ne5 33. Ke2 Nxd3 34. Qxd3 Re8+ 35. Kd1 Qh3 36. Kc2 Qg2+ 37. Qd2 Qg6+ 38. Kc1 Rg8 39. Rxh2 Qg1+ 0-1

[Event "Titled Tuesday intern op 06th Dec Early"]
[Site "Chess.com INT"]
[Date "2022.12.06"]
[Round "2"]
[White "Kuznetsov, Mikhail V"]
[Black "Dzhaparov, Medet"]
[Result "1-0"]
[WhiteElo "2246"]
[BlackElo "1608"]
[PlyCount "87"]
[EventDate "2022.12.06"]
[EventType "swiss (blitz)"]
[EventRounds "11"]
[EventCountry "USA"]
[SourceTitle "CBM 211 Extra"]
[Source "ChessBase"]
[SourceDate "2023.01.31"]
[SourceVersion "1"]
[SourceVersionDate "2023.01.31"]
[SourceQuality "1"]

1. Nf3 Nf6 2. g3 g6 3. b3 d5 4. Bb2 Bg7 5. Bg2 0-0 6. 0-0 c5 7. c4 d4 8. b4 Qc7 9. bxc5 Qxc5 10. d3 Nc6 11. Nbd2 e5 12. Ng5 Bf5 13. Nge4 Bxe4 14. Nxe4 Nxe4 15. Bxe4 Ne7 16. Qb3 Rab8 17. Rab1 b6 18. Rfc1 f5 19. Ba3 Qc7 20. Bg2 Kh8 21. Qb5 Rfe8 22. c5 bxc5 23. Qxc5 Qxc5 24. Bxc5 a5 25. Rxb8 Rxb8 26. Bxe7 Bh6 27. Bf6+ Bg7 28. Bd5 Bxf6 29. h4 Kg7 30. Rc6 Rb1+ 31. Kg2 Rb2 32. Kf3 Be7 33. Rc7 Kf6 34. Rc6+ Kg7 35. Re6 Bf6 36. Ra6 Rb5 37. Bc4 Rc5 38. Ra7+ Kh6 39. Bg8 Bg7 40. a4 Rc3 41. Bc4 Ra3 42. Rxa5 g5 43. Ra6+ Kh5 44. Bf7# 1-0

[Event "Titled Tuesday intern op 06th Dec Early"]
[Site "Chess.com INT"]
[Date "2022.12.06"]
[Round "9"]
[White "Mrudul, Dehankar"]
[Black "Dzhaparov, Medet"]
[Result "0-1"]
[WhiteElo "2126"]
[BlackElo "1608"]
[PlyCount "98"]
[EventDate "2022.12.06"]
[EventType "swiss (blitz)"]
[EventRounds "11"]
[EventCountry "USA"]
[SourceTitle "CBM 211 Extra"]
[Source "ChessBase"]
[SourceDate "2023.01.31"]
[SourceVersion "1"]
[SourceVersionDate "2023.01.31"]
[SourceQuality "1"]

1. e4 e5 2. Nf3 Nc6 3. Bb5 Nf6 4. 0-0 Nxe4 5. d4 Nd6 6. Bxc6 dxc6 7. dxe5 Nf5 8. Qxd8+ Kxd8 9. Nc3 Be6 10. Ne4 Be7 11. Rd1+ Ke8 12. b3 Rd8 13. Bb2 h6 14. c4 Nh4 15. Nd4 Bf5 16. Nxf5 Nxf5 17. Kf1 Bg5 18. Ke2 Ke7 19. g3 h5 20. f4 Bh6 21. Ba3+ Ke8 22. Bb2 b6 23. a4 c5 24. h3 Ke7 25. Kf3 Rhe8 26. a5 Ra8 27. g4 hxg4+ 28. hxg4 Nh4+ 29. Kg3 Ng6 30. g5 Bxg5 31. Nxg5 Red8 32. axb6 axb6 33. Rxd8 Rxd8 34. Nf3 Rd3 35. Ra3 Rd1 36. Bc1 Rxc1 37. Ra7 Rb1 38. Rxc7+ Kd8 39. Rxf7 Rxb3 40. Rxg7 Ne7 41. f5 Nxf5+ 42. Kf4 Nxg7 43. Kg5 Ne6+ 44. Kf6 Rxf3+ 45. Kxe6 Rc3 46. Kd5 Rd3+ 47. Kc6 Rd4 48. Kb5 Kc7 49. e6 Re4 0-1

[Event "Titled Tuesday intern op 29th Nov Early"]
[Site "Chess.com INT"]
[Date "2022.11.29"]
[Round "3"]
[White "Dzhaparov, Medet"]
[Black "Zacurdajev, Dmitry"]
[Result "0-1"]
[WhiteElo "1608"]
[BlackElo "2273"]
[PlyCount "49"]
[EventDate "2022.11.29"]
[EventType "swiss (blitz)"]
[EventRounds "11"]
[EventCountry "USA"]
[SourceTitle "EXT 2024"]
[Source "ChessBase"]
[SourceDate "2023.10.10"]
[SourceVersion "1"]
[SourceVersionDate "2023.10.10"]
[SourceQuality "1"]

1. e4 c6 2. d4 d5 3. exd5 cxd5 4. Nc3 Nc6 5. Nf3 Bg4 6. Be2 e6 7. 0-0 Bd6 8. h3 Bxf3 9. Bxf3 Nge7 10. Nb5 Bb8 11. Re1 a6 12. Nc3 Qd6 13. g3 Nf5 14. Bf4 Qd8 15. Bxb8 Rxb8 16. Ne2 0-0 17. Kg2 Qb6 18. c3 Qxb2 19. Qd3 Qa3 20. Bg4 Nd6 21. Nf4 Ne4 22. Ne2 Nb4 23. Qf3 Nc2 24. Rad1 Nxe1+ 25. Rxe1 0-1